000 00614nam a2200205Ia 4500
003 GCL
008 140319s9999 xx 000 0 ara d
040 _aGCL /
_cGCL
082 0 4 _a550
_bف ف
100 1 _aمحمد جمال الدين الفندى
245 1 0 _aرسالة العلم والايمان /
_cمحمد جمال الدين الفندى
300 _a204 ص
490 _a
650 0 4 _aالاسلام والعلم
650 0 4 _aالعلوم
650 0 4 _aالعلوم عند العرب
650 0 4 _aالحضارة الاسلامية
650 0 4 _aالقران والعلم
942 _2ddc
_cBK
999 _c46616
_d46616